[Event "Miercurea Ciuc Bancpost op 20th"]
[Site "Miercurea Ciuc"]
[Date "2017.08.24"]
[Round "8"]
[White "Ordog, Akos"]
[Black "Boehm, Manfred"]
[Result "1-0"]
[WhiteElo "1809"]
[BlackElo "1718"]
[PlyCount "47"]
[EventDate "2017.08.17"]
[EventType "swiss"]
[EventRounds "9"]
[EventCountry "ROU"]
[SourceTitle "EXT 2020"]
[Source "ChessBase"]
[SourceDate "2019.10.17"]
[SourceVersion "1"]
[SourceVersionDate "2019.10.17"]
[SourceQuality "1"]

1. d4 d5 2. c4 e6 3. Nc3 a6 4. cxd5 exd5 5. Bf4 c6 6. Qc2 Nf6 7. e3 g6 8. Bd3 Bg7 9. h4 Nbd7 10. Nge2 0-0 11. Ng3 Re8 12. h5 Nf8 13. hxg6 hxg6 14. Nce2 Qa5+ 15. Kf1 Qd8 16. Ng1 Qe7 17. Nf3 Bh8 18. Ne5 N6d7 19. Nxg6 Nxg6 20. Bxg6 Nf6 21. Bg5 fxg6 22. Qxg6+ Qg7 23. Rxh8+ Kxh8 24. Bxf6 1-0

[Event "ROM-ch U10 Boys"]
[Site "Voineasa"]
[Date "2008.04.15"]
[Round "5"]
[White "Pancu, Veniamin Mihai"]
[Black "Ordog, Akos"]
[Result "1-0"]
[WhiteElo "404"]
[BlackElo "401"]
[PlyCount "39"]
[EventDate "2008.04.08"]
[EventType "swiss"]
[EventRounds "9"]
[EventCountry "ROU"]
[SourceTitle "EXT 2013"]
[Source "ChessBase"]
[SourceDate "2012.11.22"]
[SourceVersion "1"]
[SourceVersionDate "2012.11.22"]
[SourceQuality "1"]

1. e4 e5 2. Nc3 Nc6 3. Nf3 Nf6 4. Bb5 Bb4 5. Bxc6 dxc6 6. Nxe5 Bxc3 7. bxc3 Qe7 8. d4 Nxe4 9. Qd3 Nf6 10. 0-0 0-0 11. Bg5 h6 12. Bxf6 Qxf6 13. Rfe1 Re8 14. Qg3 Bf5 15. Ng4 Rxe1+ 16. Rxe1 Bxg4 17. Qxg4 c5 18. Re4 Rd8 19. h3 cxd4 20. cxd4 1-0

[Event "ROM-ch U10 Boys"]
[Site "Voineasa"]
[Date "2008.04.13"]
[Round "2"]
[White "Savulescu, Andrei Sebastian"]
[Black "Ordog, Akos"]
[Result "1-0"]
[WhiteElo "548"]
[BlackElo "401"]
[PlyCount "27"]
[EventDate "2008.04.08"]
[EventType "swiss"]
[EventRounds "9"]
[EventCountry "ROU"]
[SourceTitle "EXT 2013"]
[Source "ChessBase"]
[SourceDate "2012.11.22"]
[SourceVersion "1"]
[SourceVersionDate "2012.11.22"]
[SourceQuality "1"]

1. e4 e5 2. Nf3 Nc6 3. Bb5 Nge7 4. 0-0 a6 5. Ba4 b5 6. Bb3 d5 7. exd5 Nxd5 8. Re1 f6 9. d4 Bg4 10. h3 Bxf3 11. Qxf3 Nb6 12. Qxc6+ Ke7 13. dxe5 Rb8 14. exf6# 1-0